Derrotero de las costas occidentales de Africa / (Record no. 152406)
[ view plain ]
| 000 -LEADER | |
|---|---|
| campo de control de longitud fija | 01181nam a2200193 i 4500 |
| 001 - NÚMERO DE CONTROL | |
| campo de control | 152406 |
| 003 - IDENTIFICADOR DE NÚMERO DE CONTROL | |
| campo de control | ES-MaACL |
| 005 - FECHA Y HORA DE LA ÚLTIMA TRANSACCIÓN | |
| campo de control | 20230906204727.0 |
| 008 - DATOS DE LONGITUD FIJA--INFORMACIÓN GENERAL | |
| campo de control de longitud fija | 931025m18751882sp af |||| | spa d |
| 100 1# - ENTRADA PRINCIPAL--NOMBRE DE PERSONA | |
| Nombre de persona | Borja Salamanca, Luis. |
| 9 (RLIN) | 30503 |
| 245 10 - MENCIÓN DEL TÍTULO | |
| Título | Derrotero de las costas occidentales de Africa / |
| Mención de responsabilidad, etc. | redactado en la Direccion de Hidrografía con presencia de las publicaciones mas recientes [por Luis Borja Salamanca]. |
| 260 ## - PUBLICACIÓN, DISTRIBUCIÓN, ETC. | |
| Lugar de publicación, distribución, etc. | Madrid : |
| Nombre del editor, distribuidor, etc. | Dirección de Hidrografía, |
| Fecha de publicación, distribución, etc. | 1875-1882 ( |
| Fabricante | Imp. de T. Fortanet) |
| 300 ## - DESCRIPCIÓN FÍSICA | |
| Extensión | 3 v. ; |
| Dimensiones | 29 cm. |
| 505 8# - NOTA DE CONTENIDO CON FORMATO | |
| Nota de contenido con formato | Contiene: T. I. Núm. 12. A. Desde Cabo Espartel hasta Sierra Leona (XIII, 285 p., XI h. de lám. pleg.) -- T. II. Núm. 12. B. Desde Sierra Leona hasta el Cabo López (XXII, 337 p., [11] h. de lám. pleg.) -- T. III. Núm. 12. C. Desde Cabo López hasta la Bahía de Algoa con inclusión de las Islas de la Ascensión, Santa Elena y Tristán de Acunha (XVIII, 307 p., XVII h. de lám.) |
| 594 ## - Nota al título y mención de responsabilidad | |
| Nota al título y mención de responsabilidad | Mención de responsabilidad tomada del verso de la port. |
| 650 #4 - PUNTO DE ACCESO ADICIONAL DE MATERIA--TÉRMINO DE MATERIA | |
| Término de materia o nombre geográfico como elemento de entrada | Derroteros- |
| Subdivisión general | África (Occidental) |
| 9 (RLIN) | 135902 |
| 710 1# - ENTRADA AGREGADA--NOMBRE DE ENTIDAD CORPORATIVA | |
| Nombre de entidad corporativa o nombre de jurisdicción como elemento de entrada | España. |
| Unidad subordinada | Dirección de Hidrografía. |
| 9 (RLIN) | 3694 |
| 852 ## - LOCALIZACIÓN | |
| Ubicación | ES-MaACL |
| Número de control de estantería | G-11293-95 |
| Nota libre | -- Enc. hol. |
| Estatus retirado | Estado de pérdida | Estado de daño | No para préstamo | Colección | Biblioteca de origen | Biblioteca actual | Ubicación en estantería | Fecha de adquisición | Total de préstamos | Signatura topográfica completa | Código de barras | Visto por última vez | Precio de reemplazo | Tipo de ítem Koha |
|---|---|---|---|---|---|---|---|---|---|---|---|---|---|---|
| Libros del s. XIX | Biblioteca del Ateneo de Madrid | Biblioteca del Ateneo de Madrid | Sala Pecera Planta 3 | 17/01/2008 | G-11293-95 | 1159138 | 23/02/2023 | 23/02/2023 | Libro impreso antiguo |
